|
|
|
|
| LEADER |
01010cam a2200253 a 4500 |
| 001 |
0000077895 |
| 005 |
20120111090000.0 |
| 040 |
|
|
|a mod
|
| 041 |
|
|
|a eng
|
| 020 |
0 |
0 |
|a 9831925432
|
| 090 |
0 |
0 |
|a 158.1
|b AHM
|e 2004
|
| 100 |
0 |
0 |
|a Ahmad Fadzli Yusof
|
| 245 |
1 |
0 |
|a Resipi kejayaan untuk remaja
|c Ahmad Fadzli Yusof dan A. Razak A. Muthalib
|
| 260 |
0 |
0 |
|a Pahang
|b PTS Publications & Distributors Sdn. Bhd.
|c 2004
|
| 300 |
0 |
0 |
|a ix, 150 p.
|c 24 cm
|
| 440 |
0 |
0 |
|a Siri motivasi
|
| 650 |
0 |
0 |
|a Self-actualization (Psychology) in adolescence
|
| 650 |
0 |
0 |
|a Self-esteem in adolescence
|
| 650 |
0 |
0 |
|a Motivation(psychology) in adole scence
|
| 700 |
1 |
1 |
|a A. Razak A. Muthalib
|
| 999 |
|
|
|a 0233719
|b TUDM KUANTAN
|d BOOKS
|e Umum
|f TUDM Kuantan
|j AVAILABLE
|q GOOD CONDITION
|
| 999 |
|
|
|a 0233720
|b TUDM KUANTAN
|d BOOKS
|e Umum
|f TUDM Kuantan
|j AVAILABLE
|q GOOD CONDITION
|
| 999 |
|
|
|a 0248138
|b KDSI(PULAREK) Tg Pengelih
|d BOOKS
|e Umum
|f KD SULTAN ISMAIL
|j AVAILABLE
|q GOOD CONDITION
|
| 999 |
|
|
|a 0249310
|b 11 BGD
|d BOOKS
|e Umum
|f 11 BGD
|j AVAILABLE
|q GOOD CONDITION
|